00942nam a2200205Ia 4500003000900000008004100009020001800050040001600068080002200084111014700106245026400253260005800517300001400575490003400589650002200623650002400645650002400669700002200693700002100715IN-BaIIA211028s9999 xx 000 0 eng d a1-58381-116-8 cIIA Library a082.2:52bASP-274 aConference on Observed HR Diagrams and Stellar Evolution-the Interplay Between Observational Constraints and TheorycPortugald2001 June 18-22 0aObserved HR diagrams and stellar evolution-the interplay between observational constraints and theorybproceedings of a conference held in Coimbra, Portugal, 18-22 June 2001cedited by T. Lejeune and J. Fernandes  aCaliforniabAstronomical Society of the Pacificc2002 axx, 625p. aASP conference series; v. 274 aSpectrophotometry aStellar populations aWalf-rayet galaxies aFernandes, J., ed aLejeune, T., ed.